Les marxistes par image - Statistiques

Statistiques générales
  • Ce quiz a été pris 187 fois
  • Le résultat moyen est 7 sur 16
Statistiques - réponses
Par images Réponse % Correct
Lénine/Vladimir Illitch Oulianov
97%
Mao Zedong
90%
Frierich Engels
76%
Léon Trotski
76%
Rosa Luxemburg
73%
Antonio Gramsci
56%
Frederic Lordon
45%
Angela Davis
44%
Bernard Friot
34%
Guy Debord
21%
Louis Althusser
20%
Theodor Adorno
15%
Clara Zetkin
13%
Georg Lukács
8%
Lucien Sève
8%
Daniel Bensaïd
5%
Aucun quiz correspondant
Distribution des résultats
% des personnes avec chaque résultat
Percentile par nombre de réponses
Votre historique - résultats
Vous n’avez pas pris ce quiz